Datum a čas kvízu
42.5
Celkem bodů
Celkový počet nahraných bodů na tomto kvízu bez doplňovacích otázek.
2.
Pořadí na kvízu
Konečné umístění týmu na tomto kvízu.
Zaznamenané odpovědi
| # | Otázka | Odpověď | Body | Výsledky |
|---|---|---|---|---|
| 1. | Minulý týden jsme se dozvěděli... | Wendy's | 1 | |
| 2. | Elon Musk si mimo jiné dal za... | vlastním spermatem | 1 | |
| 3. | Který známý youtuber minulý tý... | MrBeast | 1 | |
| 4. | Čínské úřady tento týden přist... | A) hadů | 1 | |
| 5. | V pondělí 8. července byla ozn... | D | 0 | |
| 6. | Ve kterých dvou variantách se... | C | 1 | |
| 7. | Ze kterého prostředí pochází k... | A | 1 | |
| 8. | Kterým jedenáctipísmenným slov... | hipoterapie | 1 | |
| 9. | Jak se říká nástroji, jenž jak... | udidlo | 1 | |
| 10. | Koně jsou s člověkem spojení j... | Moravskoslezský kraj | 0 |